000
00296nam a2200121Ia 4500
008
241002s9999 xx 000 0 und d
082
_a
809.13 NIC
100
_a
Nicholson, Reynold A.
245
0
_a
Rumi Poet and Mystic 1207-1273
260
_a
London:
_c
1950
600
_a
Literature
942
_c
UC
999
_c
18620
_d
18620